Estratègies territorials a les regions catalanes
ISBN:
8488068743
Descripción Física:
201 p. : il. ; 30 cm
MARC
| LEADER | 00000nam a2200000Ia 4500 | ||
|---|---|---|---|
| 001 | 23992 | ||
| 008 | 160829s2003 xx 000 0 cat d | ||
| 020 | |a 8488068743 | ||
| 080 | |a Bib-127 | ||
| 245 | |a Estratègies territorials a les regions catalanes | ||
| 260 | |a Barcelona : |b Institut d'Estudis Regionals i Metropolitans de Barcelona, |c 2003 | ||
| 300 | |a 201 p. : |b il. ; |c 30 cm | ||
| 490 | |a Papers (Institut d'Estudis Regionals i Metropolitans) ; 39 | ||
| 650 | 0 | |a Municipis |z Catalunya |9 10549 | |
| 650 | |a Comarques |x Catalunya |9 29217 | ||
| 650 | 0 | |a Ordenació del territori |z Catalunya |9 39338 | |
| 710 | |a Institut d'Estudis Regionals i Metropolitans de Barcelona |9 17648 | ||
| 710 | 2 | |a Mancomunitat de Municipis de l'Àrea Metropolitana de Barcelona |9 6256 | |
| 710 | 1 | |a Barcelona (Catalunya). |b Ajuntament |9 50981 | |
| 710 | |a Federació de Municipis de Catalunya |9 52168 | ||
| 901 | |a Arxiu | ||
| 942 | |n 1 | ||
| 952 | |0 0 |1 0 |4 0 |6 BIB127 |7 1 |9 55596 |a Arxiu |b Arxiu |d 2016-12-01 |l 0 |o Bib-127 |p 23992 |r 2016-12-01 00:00:00 |w 2016-12-01 |y ARXIU | ||
| 952 | |0 0 |1 0 |4 0 |6 PDL |7 1 |9 63756 |a Arxiu |b Arxiu |d 2022-09-05 |l 0 |o PDL |p 26676 |r 2022-09-05 00:00:00 |w 2022-09-05 |y ARXIU | ||
| 999 | |c 59469 |d 59469 | ||